00242nam a2200121Ia 45000030006000000080041000060400015000471000010000622450010000722600009000825460012000910050017001030STCL150530s9999 xx 000 0 und d aSTCLcSTCL aHenry aHenry c1986 aEnglish20220125171048.0